London Boy - Taylor Swift (All Lyrics) - Statistics

General Stats
  • This quiz has been taken 364 times
  • The average score is 350 of 442
Answer Stats
Lyrics % Correct
I
99%
(I
99%
I,
99%
my
99%
you
99%
You
99%
you)
99%
you,
99%
(You)
99%
a
98%
London
97%
know,
96%
know
96%
in,
95%
in
95%
love
95%
boy
94%
Boy,
94%
boy,
94%
Boy
94%
He
94%
the
93%
go
91%
afternoon
90%
like
90%
Like
90%
But
88%
But,
88%
me
88%
me,
88%
We
88%
we
88%
American
87%
smile,
87%
"Home
86%
is
86%
is"
86%
So
86%
where
86%
enjoy
85%
fancy
85%
heart
85%
likes
85%
on
85%
to
85%
when
85%
be
84%
say,
83%
And
82%
and
82%
can
81%
child
81%
just
81%
Just
81%
scooter
81%
They
81%
Darling,
80%
not
80%
are
79%
English
79%
his
79%
mine
79%
walkin'
79%
with
79%
God,
78%
that's
78%
all
76%
meet
76%
(Oh,
76%
oh,
76%
(Oh)
76%
(Oh),
76%
best
75%
eyes
75%
mates
75%
Tennessee
75%
wanna
75%
Wanna
75%
(Wanna
75%
Tennessee
74%
whiskey
74%
as
73%
blue
73%
high
73%
our
73%
true
73%
jeans
72%
then
72%
accent
71%
hometown
71%
heard
70%
him
70%
lives
70%
much
70%
of
70%
rumors
70%
(Yeah)
70%
(Yeah),
70%
guess
69%
tea,
69%
back
68%
saw
68%
somethin'
67%
drivin'
66%
laughin'
66%
Camden
65%
don't
65%
friends
65%
happened,
65%
met
65%
faded
64%
first
63%
pub,
63%
rugby
63%
dimples
62%
good
62%
school
62%
time
62%
watchin'
62%
your
62%
Street
60%
Took
60%
find
59%
threaten
59%
SoCal
58%
End
57%
Motown,
57%
ride
57%
West
57%
Brixton,
56%
from
56%
Highgate,
56%
nights
56%
Uni
56%
Show
55%
show
55%
I'm
54%
Market
54%
Springsteen,
54%
have
53%
(Ooh)
53%
ooh)
53%
(Ooh),
53%
up
53%
Doesn't
51%
Stella
51%
V
51%
cab
50%
now
50%
sky,
49%
stories
49%
ah
48%
gray
48%
McCartney
48%
queen
48%
rainy
48%
drinkin'
47%
Louis
47%
Soho,
45%
Babes,
44%
Bond
43%
'round
41%
Stick
41%
Uh,
39%
Shoreditch
38%
Heath
36%
please
36%
Hackney
35%
woah
25%
I'd)
21%
No matching quizzes found
Score Distribution
Percent of People with Each Score
Percentile by Number Answered
Your Score History
You have not taken this quiz